000 00533nam a2200193Ia 4500
003 GCL
008 140319s9999 xx 000 0 eng d
040 _aGCL /
_cGCL
082 0 4 _aCC
_b932
_bG L
100 1 _aGLANVILLE, S.R.K
245 1 0 _aTHE LEGACY OF EGYPT /
_cGLANVILLE, S.R.K
260 _a[S.N] :
_bOXFORD UNIVERSITY PRESS ،
_c1947
300 _a424
650 0 4 _aANCIENT EGYPT - HISTORY
650 0 4 _aANCIENT EGYPT - INDUSTRY
650 0 4 _aEGYPT - CIVILIZATION
650 0 4 _aANCIENT EGYPT - SCIENCE
942 _2ddc
_cBK
999 _c19613
_d19613